00530nam a22001457a 4500003000400000005001700004008004100021040001400062100002500076245011300101260000900214300002900223500010000252504003200352OSt20171010095456.0120703t xxu||||| |||| 00| 0 eng d aMMSUcULS aCajigal, Imee Claire aKnowledge and level of enjoyment of women in Badoc, Ilocos Norte on their human rightscImee Claire Cajigal  c2008 axiii, 75 leaves c28 cm. aThesis (AB Sociology) -- Mariano Marcos State University-College of Arts & Sciences, Batac City aBibliography: leaves 56-57